Statistiques concernant Les 7 nains de Blanche-Neige en 20 secondes 🇦🇺

Cliquez ici pour prendre le quiz!

Statistiques générales

  • Ce quiz a été pris 17 fois
  • Le résultat moyen est 2 sur 7

Statistiques - réponses

Nom du nain en 🇬🇧🇫🇷% Correct
DocProf
60%
HappyJoyeux
40%
SleepyDormeur
40%
SneezyAtchoum
40%
BashfulTimide
20%
DopeySimplet
20%
GrumpyGrincheux
20%

Distribution des résultats

Percentile par nombre de réponses

% des personnes avec chaque résultat

Votre développement - résultats

Vous n’avez pas pris ce quiz